[Event "Florianopolis op 2nd"]
[Site "Florianopolis"]
[Date "2016.01.17"]
[Round "2"]
[White "Policarpo, Nicolas"]
[Black "Masselli, Eduardo"]
[Result "0-1"]
[WhiteElo "1840"]
[BlackElo "1581"]
[PlyCount "110"]
[EventDate "2016.01.16"]
[EventType "swiss"]
[EventRounds "10"]
[EventCountry "BRA"]
[SourceTitle "CBM 170 Extra"]
[Source "ChessBase"]
[SourceDate "2016.02.25"]
[SourceVersion "1"]
[SourceVersionDate "2016.02.25"]
[SourceQuality "1"]

1. e4 Nf6 2. e5 Nd5 3. Nf3 d6 4. c4 Nb6 5. d4 Bg4 6. Be2 Nc6 7. exd6 cxd6 8. Nc3 e6 9. 0-0 Bxf3 10. Bxf3 Nxc4 11. Qa4 d5 12. Bf4 Bd6 13. Bxd6 Qxd6 14. Rfe1 0-0 15. Nb5 Qb4 16. Qxb4 Nxb4 17. b3 Nd6 18. Bd1 Ne4 19. a3 Nc6 20. Bc2 a6 21. Bxe4 axb5 22. Bd3 Nxd4 23. b4 Rfc8 24. Red1 Nc2 25. Bxc2 Rxc2 26. Rdc1 Rac8 27. Rd1 Kf8 28. h3 Rb2 29. Rac1 Rcc2 30. h4 Ke8 31. Rxc2 Rxc2 32. Rd3 Rc4 33. h5 h6 34. Kf1 Ke7 35. Ke2 Rh4 36. Rc3 Rc4 37. Rd3 f5 38. Rg3 Kf6 39. Rg6+ Kf7 40. Rg3 e5 41. Rg6 Rc6 42. Rg3 e4 43. f4 Rc2+ 44. Kd1 Rc4 45. Rg6 Rc6 46. Rg3 d4 47. Ke2 d3+ 48. Ke3 Rd6 49. Kd2 g6 50. Rh3 Rc6 51. Rg3 gxh5 52. Rh3 Rc2+ 53. Kd1 Rxg2 54. Rxh5 Kg6 55. Rh3 Rg4 0-1

[Event "Matinhos Caioba op"]
[Site "Matinhos"]
[Date "2015.08.14"]
[Round "2"]
[White "Policarpo, Nicolas"]
[Black "Bispo, Leonardo"]
[Result "0-1"]
[WhiteElo "1852"]
[BlackElo "2196"]
[PlyCount "96"]
[EventDate "2015.08.14"]
[EventType "swiss"]
[EventRounds "6"]
[EventCountry "BRA"]
[SourceTitle "EXT 2016"]
[Source "ChessBase"]
[SourceDate "2015.10.08"]
[SourceVersion "1"]
[SourceVersionDate "2015.10.08"]
[SourceQuality "1"]

1. e4 e5 2. Bc4 Nf6 3. d3 Bc5 4. Nf3 d6 5. h3 Be6 6. Bb3 a5 7. c3 Nbd7 8. 0-0 Bb6 9. Be3 Bxe3 10. fxe3 Bxb3 11. Qxb3 0-0 12. Nbd2 a4 13. Qc2 d5 14. d4 Re8 15. exd5 exd4 16. exd4 Nxd5 17. Rfe1 Qf6 18. Nc4 Nf4 19. Nce5 Nxe5 20. Nxe5 Qg5 21. Kh2 f6 22. Nf3 Qd5 23. c4 Qh5 24. Rxe8+ Rxe8 25. Re1 Rxe1 26. Nxe1 Qe2 27. Qxe2 Nxe2 28. Nf3 Nc1 29. Ne1 Nxa2 30. Nd3 b6 31. Kg3 Kf7 32. Kf4 Ke6 33. d5+ Kd6 34. Ke4 c5 35. Nf4 Nc3+ 36. Kd3 Nd1 37. Kc2 Ne3+ 38. Kd3 Nf5 39. g4 Ng3 40. Ne6 g5 41. Ke3 h5 42. Kf3 h4 43. Nf8 b5 44. cxb5 Kxd5 45. Nd7 c4 46. Nxf6+ Kc5 47. Nh7 c3 48. bxc3 a3 0-1

[Event "Curitiba Sul Regional-ch"]
[Site "Curitiba"]
[Date "2015.07.11"]
[Round "3"]
[White "Policarpo, Nicolas"]
[Black "Martins, Rullyans Diego"]
[Result "1-0"]
[WhiteElo "1755"]
[BlackElo "1800"]
[PlyCount "31"]
[EventDate "2015.07.10"]
[EventType "swiss"]
[EventRounds "6"]
[EventCountry "BRA"]
[SourceTitle "EXT 2017"]
[Source "ChessBase"]
[SourceDate "2016.10.25"]
[SourceVersion "1"]
[SourceVersionDate "2016.10.25"]
[SourceQuality "1"]

1. e4 c5 2. Nf3 d6 3. d4 cxd4 4. Nxd4 a6 5. Nc3 Nf6 6. h3 g6 7. g4 Bg7 8. Be3 e6 9. Qd2 Nc6 10. Nb3 b5 11. Bg2 Rb8 12. 0-0-0 Ke7 13. f4 Qc7 14. e5 dxe5 15. Bc5+ Ke8 16. Bd6 1-0

[Event "Florianopolis Cordioli Memorial"]
[Site "Florianopolis"]
[Date "2015.07.04"]
[Round "5"]
[White "Policarpo, Nicolas"]
[Black "Dos Santos, Haroldo Cunha Jr"]
[Result "0-1"]
[WhiteElo "1755"]
[BlackElo "2164"]
[PlyCount "48"]
[EventDate "2015.07.03"]
[EventType "swiss"]
[EventRounds "7"]
[EventCountry "BRA"]
[SourceTitle "EXT 2016"]
[Source "ChessBase"]
[SourceDate "2015.10.08"]
[SourceVersion "1"]
[SourceVersionDate "2015.10.08"]
[SourceQuality "1"]

1. e4 e5 2. Nf3 Nc6 3. Bc4 Bc5 4. c3 Qe7 5. d4 Bb6 6. Ng5 Nh6 7. d5 Nd8 8. a4 a6 9. 0-0 d6 10. h3 Ng8 11. Na3 h6 12. Nf3 Nf6 13. Bd3 0-0 14. Nc4 Ba7 15. b4 c6 16. Bc2 Ne8 17. b5 axb5 18. axb5 Bxf2+ 19. Rxf2 Rxa1 20. Nb6 Qc7 21. Nxc8 Qxc8 22. Qd2 cxb5 23. Kh2 Qc5 24. Nh4 Rxc1 0-1

[Event "Florianopolis Cordioli Memorial"]
[Site "Florianopolis"]
[Date "2015.07.03"]
[Round "2"]
[White "De Almeida, Cesar Ricardo"]
[Black "Policarpo, Nicolas"]
[Result "0-1"]
[WhiteElo "1756"]
[BlackElo "1755"]
[PlyCount "24"]
[EventDate "2015.07.03"]
[EventType "swiss"]
[EventRounds "7"]
[EventCountry "BRA"]
[SourceTitle "EXT 2016"]
[Source "ChessBase"]
[SourceDate "2015.10.08"]
[SourceVersion "1"]
[SourceVersionDate "2015.10.08"]
[SourceQuality "1"]

1. d4 Nf6 2. e4 e5 3. dxe5 Ng4 4. Nf3 Bc5 5. h3 Bxf2+ 6. Kd2 Be3+ 7. Ke1 Nf2 8. Bxe3 Nxd1 9. Kxd1 Nc6 10. Nc3 d6 11. exd6 Qxd6+ 12. Kc1 Bf5 0-1

[Event "Sao Bento do Sul op 4th"]
[Site "Sao Bento do Sul"]
[Date "2015.06.07"]
[Round "5"]
[White "Starke, Bruno Orlando"]
[Black "Policarpo, Nicolas"]
[Result "1-0"]
[WhiteElo "2179"]
[BlackElo "1755"]
[PlyCount "64"]
[EventDate "2015.06.05"]
[EventType "swiss"]
[EventRounds "6"]
[EventCountry "BRA"]
[SourceTitle "EXT 2017"]
[Source "ChessBase"]
[SourceDate "2016.10.25"]
[SourceVersion "1"]
[SourceVersionDate "2016.10.25"]
[SourceQuality "1"]

1. Nf3 e6 2. c4 f5 3. g3 Nf6 4. Bg2 d5 5. d4 c6 6. 0-0 Bd6 7. b3 Qe7 8. a4 a5 9. Ba3 0-0 10. Qc1 Nbd7 11. Ne5 Ne4 12. f3 Bxa3 13. Qxa3 Qxa3 14. Rxa3 Nef6 15. Nxd7 Bxd7 16. c5 g5 17. f4 gxf4 18. gxf4 Ne4 19. Bxe4 fxe4 20. e3 Be8 21. Ra2 Bh5 22. Rg2+ Kh8 23. Kf2 Rg8 24. Rg3 Rxg3 25. hxg3 Bg4 26. Rh1 h5 27. Nd2 Kg7 28. Ke1 Kf6 29. Nf1 b6 30. cxb6 Rb8 31. Kd2 Rxb6 32. Kc3 Rb8 1-0

[Event "Santa Catarina State-ch sf1 61st"]
[Site "Sao Bento do Sul"]
[Date "2015.03.06"]
[Round "1"]
[White "Policarpo, Nicolas"]
[Black "Quezado, Arthur Sepetiba"]
[Result "1-0"]
[WhiteElo "1758"]
[BlackElo "1581"]
[PlyCount "79"]
[EventDate "2015.03.06"]
[EventType "swiss"]
[EventRounds "6"]
[EventCountry "BRA"]
[SourceTitle "EXT 2016"]
[Source "ChessBase"]
[SourceDate "2015.10.08"]
[SourceVersion "1"]
[SourceVersionDate "2015.10.08"]
[SourceQuality "1"]

1. e4 c5 2. Nf3 d6 3. Nc3 a6 4. d4 cxd4 5. Nxd4 Nf6 6. Bg5 e6 7. Qd2 Be7 8. 0-0-0 0-0 9. Bd3 d5 10. exd5 Nxd5 11. Bxe7 Qxe7 12. Nxd5 exd5 13. Rhe1 Qd7 14. Bf5 Qd6 15. Bxc8 Rxc8 16. Nf5 Qc6 17. Ne7+ Kf8 18. Nxc6 Nxc6 19. Qxd5 Nb4 20. Qd6+ Kg8 21. Qxb4 a5 22. Qxb7 g6 23. Re7 Rf8 24. Rxf7 Rxf7 25. Qxa8+ Kg7 26. Rd8 Kh6 27. Qe4 Kg7 28. Qe5+ Kh6 29. f4 Rf5 30. Qd4 Kh5 31. Rh8 Kh6 32. g4 Rf7 33. g5+ Kh5 34. Qe3 Kg4 35. Qe6+ Rf5 36. Rxh7 Kf3 37. Rh3+ Kg4 38. Rg3+ Kh5 39. Qe2+ Kh4 40. Qg4# 1-0

[Event "Florianopolis op"]
[Site "Florianopolis"]
[Date "2015.01.14"]
[Round "1"]
[White "Quintiliano Pinto, Renato Rodrigues"]
[Black "Policarpo, Nicolas"]
[Result "1-0"]
[WhiteElo "2364"]
[BlackElo "1781"]
[PlyCount "25"]
[EventDate "2015.01.14"]
[EventType "swiss"]
[EventRounds "10"]
[EventCountry "BRA"]
[SourceTitle "CBM 164 Extra"]
[Source "ChessBase"]
[SourceDate "2015.03.02"]
[SourceVersion "1"]
[SourceVersionDate "2015.03.02"]
[SourceQuality "1"]

1. d4 Nf6 2. Nf3 c5 3. e3 e6 4. c4 cxd4 5. exd4 d6 6. Nc3 Be7 7. Bd3 0-0 8. 0-0 Nbd7 9. Re1 Qa5 10. Bd2 Qh5 11. Ne2 e5 12. Ng3 Qg4 13. Bf5 1-0

[Event "BRA-ch U20"]
[Site "Blumenau"]
[Date "2014.12.13"]
[Round "4"]
[White "Queiroz, Alberto Becker"]
[Black "Policarpo, Nicolas"]
[Result "1-0"]
[WhiteElo "2127"]
[BlackElo "1777"]
[PlyCount "97"]
[EventDate "2014.12.11"]
[EventType "swiss"]
[EventRounds "7"]
[EventCountry "BRA"]
[SourceTitle "EXT 2016"]
[Source "ChessBase"]
[SourceDate "2015.10.08"]
[SourceVersion "1"]
[SourceVersionDate "2015.10.08"]
[SourceQuality "1"]

1. e4 g6 2. d4 Nf6 3. e5 Nh5 4. Be2 d6 5. Nf3 Nc6 6. exd6 exd6 7. c4 Bg7 8. Nc3 0-0 9. 0-0 Nf6 10. Bg5 h6 11. Bh4 Bf5 12. d5 Ne7 13. Qd2 Kh7 14. Rfe1 g5 15. Bg3 Qd7 16. h4 g4 17. Nd4 Bg6 18. Bd3 c5 19. Nde2 Bxd3 20. Qxd3+ Qf5 21. Qxf5+ Nxf5 22. Bf4 Rad8 23. Ng3 Nxh4 24. Nb5 Ne8 25. Nxa7 Ng6 26. Nh5 Bd4 27. Be3 Bxe3 28. Rxe3 Ne5 29. b3 Nc7 30. Nf6+ Kg6 31. Ne4 f5 32. Nxd6 Nf3+ 33. gxf3 Rxd6 34. Re7 Ra8 35. Rxc7 Rxa7 36. f4 Rb6 37. Kg2 h5 38. Rxc5 Rxb3 39. axb3 Rxa1 40. d6 Ra8 41. Kg3 Rd8 42. Rd5 Rd7 43. c5 Kf6 44. b4 Ke6 45. Re5+ Kf6 46. b5 b6 47. c6 Rxd6 48. c7 Rd3+ 49. Re3 1-0

[Event "Sao Paulo op-A U2300"]
[Site "Sao Paulo"]
[Date "2014.04.06"]
[Round "5"]
[White "Policarpo, Nicolas"]
[Black "Brusamolin, Valerio"]
[Result "0-1"]
[WhiteElo "1791"]
[BlackElo "1825"]
[PlyCount "74"]
[EventDate "2014.04.03"]
[EventType "swiss"]
[EventRounds "6"]
[EventCountry "BRA"]
[SourceTitle "CBM 159 Extra"]
[Source "ChessBase"]
[SourceDate "2014.04.24"]
[SourceVersion "1"]
[SourceVersionDate "2014.04.24"]
[SourceQuality "1"]

1. Nf3 Nf6 2. g3 g6 3. b3 Bg7 4. Bb2 d6 5. d4 0-0 6. Bg2 Nbd7 7. 0-0 c6 8. Nbd2 Qc7 9. e4 e5 10. dxe5 dxe5 11. Qe2 Re8 12. Rfe1 Bf8 13. h3 a5 14. Rad1 b6 15. Nc4 Ba6 16. Qe3 Bxc4 17. bxc4 h6 18. Nd2 Kh7 19. Kh1 a4 20. f4 Bd6 21. c5 Bxc5 22. Qf3 a3 23. Ba1 Bd4 24. Bxd4 exd4 25. e5 Nd5 26. Ne4 Ra4 27. Nd6 Re7 28. Qf2 Ne3 29. Rd2 c5 30. c3 dxc3 31. Rd3 Nxg2 32. Kxg2 Qc6+ 33. Qf3 Qxf3+ 34. Kxf3 Rd4 35. Rxc3 Rxd6 36. Rxa3 Rd4 37. Ra7 Nxe5+ 0-1

[Event "Sao Paulo op-A U2300"]
[Site "Sao Paulo"]
[Date "2014.04.05"]
[Round "4"]
[White "Policarpo, Nicolas"]
[Black "Bueno, Alfeu Varela Jr"]
[Result "0-1"]
[WhiteElo "1791"]
[BlackElo "2263"]
[PlyCount "54"]
[EventDate "2014.04.03"]
[EventType "swiss"]
[EventRounds "6"]
[EventCountry "BRA"]
[SourceTitle "CBM 159 Extra"]
[Source "ChessBase"]
[SourceDate "2014.04.24"]
[SourceVersion "1"]
[SourceVersionDate "2014.04.24"]
[SourceQuality "1"]

1. Nf3 e6 2. g3 b6 3. Bg2 Bb7 4. c4 f5 5. Nc3 Bb4 6. a3 Bxc3 7. bxc3 Nf6 8. 0-0 0-0 9. a4 a5 10. Rb1 d6 11. Ba3 Bc6 12. Nd4 Bxg2 13. Kxg2 Qe8 14. Qb3 Nbd7 15. c5 bxc5 16. Nxe6 c4 17. Qxc4 Qf7 18. Qb3 Rfb8 19. Bb4 axb4 20. cxb4 c5 21. b5 c4 22. Qxc4 Nc5 23. d4 Qxe6 24. Qxe6+ Nxe6 25. Rb4 Nd5 26. Rc4 Nb6 27. Rc6 Nxd4 0-1

[Event "Sao Paulo op-A U2300"]
[Site "Sao Paulo"]
[Date "2014.04.03"]
[Round "1"]
[White "Mendes, Rodrigo Machado"]
[Black "Policarpo, Nicolas"]
[Result "1-0"]
[WhiteElo "1864"]
[BlackElo "1791"]
[PlyCount "235"]
[EventDate "2014.04.03"]
[EventType "swiss"]
[EventRounds "6"]
[EventCountry "BRA"]
[SourceTitle "CBM 159 Extra"]
[Source "ChessBase"]
[SourceDate "2014.04.24"]
[SourceVersion "1"]
[SourceVersionDate "2014.04.24"]
[SourceQuality "1"]

1. e4 g6 2. d4 Nf6 3. Bd3 d6 4. Nf3 Bg7 5. 0-0 0-0 6. c4 Nbd7 7. Nc3 e5 8. d5 c6 9. Bg5 h6 10. Bd2 Nc5 11. Bc2 Qb6 12. Rb1 a5 13. h3 Bd7 14. Be3 cxd5 15. cxd5 Qc7 16. Qd2 Kh7 17. Rfc1 Rac8 18. a3 Na6 19. Bd3 Qd8 20. b4 axb4 21. axb4 Nh5 22. Bf1 Qf6 23. Nh2 Nf4 24. Ne2 g5 25. Ng3 h5 26. b5 Nc5 27. f3 Qh6 28. Rc3 Kh8 29. Ra3 Ra8 30. Bxc5 dxc5 31. Qa2 Rxa3 32. Qxa3 Qb6 33. Kh1 Rc8 34. Qe3 Qa5 35. Bc4 b6 36. Qc1 Ra8 37. Nhf1 Qa3 38. Ne3 Qxc1+ 39. Rxc1 Ra4 40. Ngf5 Bf6 41. Bf1 Rb4 42. g3 Ng6 43. d6 h4 44. Nd5 Bd8 45. Nxb4 cxb4 46. gxh4 gxh4 47. Rb1 Bxf5 48. exf5 Nf4 49. Rxb4 Kg7 50. Rc4 Kf8 51. Kg1 Ke8 52. Kf2 Kd7 53. Ke3 Kxd6 54. Rc6+ Kd7 55. Ke4 f6 56. Rc1 Ke7 57. Ra1 Kd6 58. Ra7 Nh5 59. Bc4 Ng3+ 60. Kd3 Nxf5 61. Rh7 Be7 62. Rh5 Nd4 63. Rxh4 Nxf3 64. Rh7 Ng5 65. Rh8 f5 66. Rh6+ Kc7 67. h4 e4+ 68. Ke3 Nh3 69. Be6 Bc5+ 70. Ke2 Nf4+ 71. Kf1 e3 72. Bc4 Nh3 73. h5 f4 74. Rc6+ Kd8 75. h6 Ng5 76. Be2 Nh7 77. Bf3 Ke8 78. Ke2 Kf7 79. Bd5+ Ke8 80. Be4 Ng5 81. h7 f3+ 82. Bxf3 Nxh7 83. Rc7 Nf8 84. Bg4 Kd8 85. Rb7 Ke8 86. Kd3 Kd8 87. Ke4 Ng6 88. Rh7 Ne7 89. Ke5 Kc7 90. Ke6 Kd8 91. Rh8+ Kc7 92. Re8 Ng6 93. Kf6 Nf4 94. Kf5 Nd5 95. Ke5 Ne7 96. Ke6 Ng6 97. Kf5 Ne7+ 98. Ke4 Kd6 99. Rd8+ Kc7 100. Rd7+ Kb8 101. Kf4 Ng6+ 102. Kf5 Nf8 103. Rf7 Kc8 104. Kf6+ Kd8 105. Ra7 Bd4+ 106. Kf7 Bc5 107. Ra8+ Kc7 108. Rc8+ Kb7 109. Rxf8 Bxf8 110. Kxf8 Kc7 111. Ke7 Kb8 112. Kd7 Kb7 113. Be2 Ka8 114. Kc6 Ka7 115. Bd3 Ka8 116. Kxb6 Kb8 117. Be2 Kc8 118. Ka7 1-0

[Event "Forquilhinha op"]
[Site "Forquilhinha"]
[Date "2013.10.13"]
[Round "6"]
[White "Batista, Tongi Everton"]
[Black "Policarpo, Nicolas"]
[Result "1/2-1/2"]
[WhiteElo "1813"]
[BlackElo "1800"]
[PlyCount "120"]
[EventDate "2013.10.10"]
[EventType "swiss"]
[EventRounds "7"]
[EventCountry "BRA"]
[SourceTitle "EXT 2014"]
[Source "ChessBase"]
[SourceDate "2013.11.20"]
[SourceVersion "1"]
[SourceVersionDate "2013.11.20"]
[SourceQuality "1"]

1. Nf3 Nf6 2. g3 d6 3. Bg2 g6 4. 0-0 Bg7 5. d3 e5 6. c4 0-0 7. Nc3 c6 8. Bg5 h6 9. Bd2 Be6 10. Ne1 Nbd7 11. b4 Rc8 12. Qc1 Kh7 13. Qa3 a6 14. b5 axb5 15. cxb5 d5 16. bxc6 bxc6 17. Rb1 Qc7 18. e3 Ra8 19. Qc1 Qa7 20. Qc2 e4 21. d4 c5 22. Nb5 Qxa2 23. Rb2 Qa4 24. dxc5 Nxc5 25. Qxc5 Nd7 26. Nc3 Nxc5 27. Nxa4 Nxa4 28. Rb4 Rfc8 29. h4 Nb2 30. f3 Nc4 31. Bc1 Ra1 32. Nc2 Nxe3 33. Bxe3 Rxf1+ 34. Kxf1 Rxc2 35. fxe4 Rc4 36. Rxc4 dxc4 37. Ke1 Be5 38. Bf4 Bb2 39. Kd2 c3+ 40. Kc2 Bd7 41. Kb3 Bc6 42. Be5 f5 43. Bxc3 Bc1 44. Kc4 Be3 45. Bd4 Bd2 46. Kd3 Be1 47. Be5 Ba5 48. Ke3 Bb6+ 49. Bd4 Bc7 50. Kf2 fxe4 51. g4 Bf4 52. Be3 g5 53. hxg5 hxg5 54. Ke2 Kg6 55. Kf2 Kf6 56. Kf1 Ke5 57. Bh3 Kd5 58. Ke2 Kc4 59. Kd2 Bb7 60. Bg2 Kb3 1/2-1/2

[Event "Forquilhinha op"]
[Site "Forquilhinha"]
[Date "2013.10.13"]
[Round "7"]
[White "Policarpo, Nicolas"]
[Black "Goulart Librelato, Kathie"]
[Result "1-0"]
[WhiteElo "1800"]
[BlackElo "1817"]
[PlyCount "63"]
[EventDate "2013.10.10"]
[EventType "swiss"]
[EventRounds "7"]
[EventCountry "BRA"]
[SourceTitle "EXT 2014"]
[Source "ChessBase"]
[SourceDate "2013.11.20"]
[SourceVersion "1"]
[SourceVersionDate "2013.11.20"]
[SourceQuality "1"]

1. d4 Nf6 2. c4 g6 3. Nc3 Bg7 4. e4 d6 5. Nf3 0-0 6. Be2 e5 7. 0-0 Nc6 8. d5 Ne7 9. Ne1 Ne8 10. Nd3 f5 11. f3 f4 12. g4 g5 13. Bd2 Ng6 14. b4 Rf7 15. c5 Bf8 16. Qb3 Nf6 17. Rac1 h5 18. h3 hxg4 19. hxg4 Ne8 20. Kf2 Qf6 21. Ke1 Rh7 22. Kd1 Qh8 23. Kc2 a5 24. a3 axb4 25. axb4 Nf6 26. Ra1 Rxa1 27. Rxa1 Nd7 28. Ra8 Ne7 29. c6 Nb6 30. Rxc8 bxc6 31. dxc6+ Kg7 32. Rxc7 1-0

[Event "Forquilhinha op"]
[Site "Forquilhinha"]
[Date "2013.10.10"]
[Round "1"]
[White "Rapouso, Ricardo Luis Borba"]
[Black "Policarpo, Nicolas"]
[Result "1-0"]
[WhiteElo "1932"]
[BlackElo "1800"]
[PlyCount "111"]
[EventDate "2013.10.10"]
[EventType "swiss"]
[EventRounds "7"]
[EventCountry "BRA"]
[SourceTitle "EXT 2014"]
[Source "ChessBase"]
[SourceDate "2013.11.20"]
[SourceVersion "1"]
[SourceVersionDate "2013.11.20"]
[SourceQuality "1"]

1. d4 Nf6 2. c4 g6 3. Nc3 Bg7 4. e4 d6 5. f3 c5 6. Nge2 cxd4 7. Nxd4 Nc6 8. Be3 a6 9. Qd2 0-0 10. Nc2 Be6 11. Be2 Rc8 12. Rc1 Nd7 13. 0-0 Qa5 14. Kh1 Bxc3 15. bxc3 Nce5 16. Bh6 Rfe8 17. f4 Nxc4 18. Qd4 f6 19. f5 Bf7 20. Nb4 Qc5 21. Qd3 Nde5 22. Qg3 a5 23. fxg6 hxg6 24. Bxc4 Qxc4 25. Nd5 Bxd5 26. exd5 Qxd5 27. Bf4 Kg7 28. Rf2 Rc4 29. Rd2 Qc6 30. h3 Rc8 31. Bxe5 dxe5 32. Rb2 b5 33. Rcb1 Rxc3 34. Qg4 Rc1+ 35. Kh2 Rxb1 36. Rxb1 Qc4 37. Qd7 Rc7 38. Qd8 e4 39. Rxb5 Qxb5 40. Qxc7 Qe5+ 41. Qxe5 fxe5 42. Kg3 Kf6 43. Kf2 Kf5 44. Ke3 a4 45. a3 e6 46. g3 Kf6 47. Kxe4 Ke7 48. Kxe5 Kd7 49. h4 Kc6 50. g4 Kc5 51. h5 Kc4 52. hxg6 Kb3 53. g7 Kxa3 54. g8Q Ka2 55. Kxe6 a3 56. Kf6+ 1-0

[Event "Catarinense-ch 59th"]
[Site "Joinville"]
[Date "2013.09.21"]
[Round "3"]
[White "Policarpo, Nicolas"]
[Black "De Mello, Amanda Carolina"]
[Result "0-1"]
[WhiteElo "1800"]
[BlackElo "1877"]
[PlyCount "117"]
[EventDate "2013.09.19"]
[EventType "swiss"]
[EventRounds "7"]
[EventCountry "BRA"]
[SourceTitle "CBM 156 Extra"]
[Source "ChessBase"]
[SourceDate "2013.10.22"]
[SourceVersion "1"]
[SourceVersionDate "2013.10.22"]
[SourceQuality "1"]

1. e4 c6 2. d4 d5 3. exd5 cxd5 4. Nf3 Nf6 5. c4 e6 6. Nc3 Nc6 7. Bd3 dxc4 8. Bxc4 Ne7 9. 0-0 Ned5 10. Re1 Be7 11. a3 0-0 12. Ne5 a6 13. Bb3 Qd6 14. Bc2 b5 15. Qd3 Bb7 16. Re4 Nxc3 17. Rh4 Be4 18. Qxc3 Rac8 19. Bxe4 Rxc3 20. bxc3 Nxe4 21. Rxe4 Rc8 22. Bd2 Qd5 23. Ree1 Qb3 24. Rec1 Qb2 25. Be1 Bg5 26. Nd3 Qe2 27. Rd1 Be7 28. f3 Qe3+ 29. Kf1 Qg5 30. a4 Bd6 31. g3 bxa4 32. Rxa4 Qb5 33. Raa1 Qc4 34. Kg2 Rb8 35. Kf2 h6 36. Ke3 a5 37. Rxa5 Qc7 38. Rda1 Kh7 39. Ra7 Rb7 40. R7a5 Qe7 41. f4 f6 42. Kf3 Qc7 43. R5a2 Qc4 44. Ke3 Qd5 45. Ra5 Rb5 46. R5a4 e5 47. dxe5 fxe5 48. c4 Qd4+ 49. Ke2 Rb3 50. Rd1 e4 51. Nf2 Rb2+ 52. Kf1 Qb6 53. Nxe4 Qb3 54. Rda1 Qf3+ 55. Nf2 Bc5 56. R4a2 Qe2+ 57. Kg2 Rxa2 58. Rxa2 Qxa2 59. Kf3 0-1